000 00418nam a22001457a 4500
005 20180301122436.0
008 170530b xxu||||| |||| 00| 0 eng d
040 _cPK-LaUMT
082 _aZIAC 297.01
_bBAQ-F
100 _aBaqir ul Sadar , Muhammad
245 _aFalsafatna (arbi)/
_cMuhammad Baqir ul Sadar
260 _aبیروت:
_bدارالمعارف للمطبوعات،
_c1982
300 _a349 ص
942 _cBK
999 _c94158
_d94158